000 00398nam a2200145Ia 4500
008 240729s9999 xx 000 0 und d
022 _a2673-2106
245 0 _ahealthbook TIMES. Oncology Hematology
260 _aSwitzerland
260 _bTHE HEALTHBOOK COMPANY LTD.
650 _aMedicine
856 _uhttps://doaj.org/toc/f5000f36ff324c75a670f0118c0cd1fb
942 _2ddc
942 _cDOAJEJ
999 _c67299
_d67299
945 _a1
_bMadushi Gamage
_c1
_dMadushi Gamage